000 00851 a2200217 4500
003 OSt
005 20180116182821.0
008 170803b xxu||||| |||| 00| 0 eng d
020 _a9694480671 (unknown binding)
020 _a9789694480671 (unknown binding)
040 _c0
082 _a332.10917 RAH 2000
100 _aInstitute of Policy Studies
110 _aInstitute of Policy Studies
245 0 0 _aTowards Islamic Banking Experiences and Challenges :
_bA Case Study of Pilgrims Management & Fund Board, Malaysia.
_cInstitute of Policy Studies
260 _a[S.l.] :
_bInstitute of Policy Studies,
_c2000.
300 _a111 p.
_bpb
440 _aTowards Islamic Banking Experiences and Challenges :
856 4 0 _3Amazon.com
_uhttp://www.amazon.com/exec/obidos/ASIN/9694480671/chopaconline-20
942 _aNBS
_cBK
_k3332.10917 RAH 2000
_2ddc
999 _c346547
_d346547